Proyecto de modelo de negocio de Share Economy llamado Mobiel /

Se propone la creación de una empresa que ofrezca servicios de transporte a personas que han llevado a reparar sus automóviles. Se trataría de un intermediario para administrar un intercambio: se presta un carro a cambio de un servicio, para que los conductores no tengan que desembolsar dinero extra...

Ամբողջական նկարագրություն

Պահպանված է:
Մատենագիտական մանրամասներ
Հիմնական հեղինակ: Staines Rodríguez, Jorge (autor)
Այլ հեղինակներ: Calderón Salazar, Miguel (autor) (autor), Aguiar Ibarra, Edgar (autor) (autor)
Ձևաչափ: Թեզիս Գիրք
Լեզու:իսպաներեն
Հրապարակվել է: Guadalajara, México : edición de autor, 2018
Խորագրեր:
Առցանց հասանելիություն:Ver documento en línea
Ցուցիչներ: Ավելացրեք ցուցիչ
Չկան պիտակներ, Եղեք առաջինը, ով նշում է այս գրառումը!

MARC

LEADER 00000nam^a2200000^a^4500
001 000412688
005 20251023000000.0
009 20260310122146.036
037 |a Acervo ITESO - Biblioteca 
041 |a ESP 
090 |a MAD. 482 
100 |a Staines Rodríguez, Jorge  |e (autor) 
245 1 0 |a Proyecto de modelo de negocio de Share Economy llamado Mobiel /  |c J. Staines Rodríguez, M. Calderón Salazar, E. Aguiar Ibarra. 
264 1 |a Guadalajara, México :  |b edición de autor,  |c 2018 
300 |a 1 tesis electrónica en línea (48 p.) 
300 |a 1 recurso en línea 
336 |a datos para computadora  |b cod  |2 rdacontenido 
337 |a computadora  |b c  |2 rdamedio 
338 |a recurso en línea  |b cr  |2 rdasoporte 
502 |a ITESO Tesis de Maestría en Administración 
520 |a Se propone la creación de una empresa que ofrezca servicios de transporte a personas que han llevado a reparar sus automóviles. Se trataría de un intermediario para administrar un intercambio: se presta un carro a cambio de un servicio, para que los conductores no tengan que desembolsar dinero extra para moverse sin su propio coche. 
649 |a XX 
650 |a Automóviles -  |x Mantenimiento y Reparación 
650 |a Transporte Terrestre -  |x Aspectos Económicos -  |x Tema Principal 
650 |a Desarrollo de Servicios Nuevos -  |x Tema Principal 
650 |a Investigación de Mercado 
650 |a Formación de Empresas 
650 |a Innovación Administrativa -  |x Tema Principal 
650 |a Proceso Administrativo -  |x Dirección 
650 |a Administración Financiera 
650 |a Ciencias Administrativas 
700 |a Calderón Salazar, Miguel  |e (autor) 
700 |a Aguiar Ibarra, Edgar  |e (autor) 
856 4 0 |u https://rei.iteso.mx/handle/11117/5795  |y Ver documento en línea 
910 |a Fondo General 
920 |a Electrónicos - Tesis del ITESO en Línea 
930 |a Repositorio Institucional 
905 |a 201 
901 |a 412688-1  |b IT2  |c ETI  |u 20250521 
902 |a https://opac.biblio.iteso.mx/vufind/Record/000412688